| 000 | 01363cam a2200361 i 4500 | ||
|---|---|---|---|
| 001 | 200448904 | ||
| 003 | TR-AnTOB | ||
| 005 | 20251226143111.0 | ||
| 007 | ta | ||
| 008 | 790322s1977 fr o000 0 eng d | ||
| 020 | _a9789264116955 | ||
| 020 | _a9264116958 | ||
| 040 |
_aDNLM _beng _erda _cDNLM _dTR-AnTOB |
||
| 041 | 0 | _aeng | |
| 060 | 0 | 0 |
_aW 74 _bP976 1977 |
| 096 |
_aTOBBK W 74 _bP976 1977 |
||
| 245 | 0 | 0 | _aPublic expenditure on health. |
| 246 | 3 | _aDépenses publiques de santé | |
| 264 | 1 |
_aParis : _bOrganisation for Economic Cooperation and Development, _c1977. |
|
| 300 |
_a136 pages : _billustrations ; _c24 cm |
||
| 336 |
_atext _btxt _2rdacontent |
||
| 337 |
_aunmediated _bn _2rdamedia |
||
| 338 |
_avolume _bnc _2rdacarrier |
||
| 490 | 0 |
_aOECD studies in resource allocation ; _vno. 4 |
|
| 500 | _aPublished also in French with title: Dépenses publiques de santé. | ||
| 500 | _aPart of a broader project launched by Working Party No. 2 of the Economic Policy Committee of the Organization for Economic Cooperation and Development. | ||
| 650 | 2 |
_aHealth Expenditures _964060 |
|
| 650 | 2 |
_aHealth Services _xeconomics _9117223 |
|
| 710 | 2 |
_aOrganisation for Economic Co-operation and Development. _bEconomic Policy Committee. _bWorking Party No. 2 _9138609 |
|
| 942 |
_2z _cBK |
||
| 999 |
_c200448904 _d67116 |
||